000 00795nam a2200265Ia 4500
003 OSt
005 20220930083351.0
006 a|||||r|||| 00| 0
007 ta
008 220926b |||||||| |||| 00| 0 hin d
024 _a75407
037 _cTheses
040 _aCRL
_cCRL
_bhin
041 _2hin
_ahin
100 _aHarjender Singh
110 _aUniversity of Delhi. Faculty of Arts. Department of Hindi
245 0 _aHazari Prasad Dwivedi ke sahitya mein parampara aur adhunikta
260 _c1987
300 _a218p.
_ap.
_ccm.
650 _aHINDI LITERATURE
_923866
700 _a Prof. Ramdarash Mishr Gu.
700 _aUniversity of Delhi. Faculty of Arts. Department of Hindi
942 _cDIS
_2CC
999 _c875205
_d875205